An introduction to the study of integral equations
I tiakina i:
| Kaituhi matua: | |
|---|---|
| Hōputu: | Pukapuka |
| Reo: | Ingarihi |
| I whakaputaina: |
Nueva York
Hafner Publishing Co.
1913
|
| Ngā marau: | |
| Ngā Tūtohu: |
Tāpirihia he Tūtohu
Kāore He Tūtohu, Me noho koe te mea tuatahi ki te tūtohu i tēnei pūkete!
|
MARC
| LEADER | 00000cam a2200000 a 4500 | ||
|---|---|---|---|
| 001 | UCF2842 | ||
| 003 | CL-VaPUC | ||
| 008 | 120910e19130000US |||||||||||||||||eng|d | ||
| 082 | 0 | 4 | |a 515.4 |b BOC |2 21 |
| 100 | 0 | |a Bocher, Maxime |e author |9 564673 | |
| 245 | 1 | 3 | |a An introduction to the study of integral equations |
| 300 | |a 70 p | ||
| 942 | |c BK | ||
| 945 | |d 20120910 00:00:00 |a dcastane | ||
| 260 | |a Nueva York |b Hafner Publishing Co. |c 1913 | ||
| 650 | 0 | |a Ecuaciones integrales |9 270067 | |
| 583 | |a last modification |c 20120910 11:39:00 |k Rodrigo Vera | ||
| 999 | |c 349380 |d 349378 | ||
| 952 | |0 0 |1 0 |4 0 |6 515_400000000000000_BOC_1913 |7 0 |8 A |9 451988 |a BIBMAT |b BIBMAT |d 2019-11-22 |i 4887980 |o 515.4 BOC 1913 |p 4887980 |r 2025-01-07 |w 2019-11-22 |y BK |k MAT | ||